Wars by Battle #1 - Statistics

General Stats
  • This quiz has been taken 31 times
  • The average score is 3 of 10
Answer Stats
Battle War % Correct
Battle of San Juan Hill Spanish–American War
84%
Siege of Veracruz Mexican-American War
72%
Battle of Balaclava Crimean War
52%
Siege of Madrid Spanish Civil War
48%
Seige of Kimberley Second Boer War
24%
Battle of Red Cliffs Three Kingdoms Period
12%
Seige of New Plymouth First Taranaki War
4%
Battle of Vertières Haitian Revolution
4%
Third Battle of Panipat Maratha-Durrani War
4%
Battle of Carabobo Venezuelan War of Independence
4%
No matching quizzes found
Score Distribution
Percent of People with Each Score
Percentile by Number Answered
Your Score History
You have not taken this quiz